The efficient practice : Transform and optimize your financial advisory practice for greater profits
This book presents the Profit-Driven Architecture, a visual way of viewing the operational structure of a financial practice.
Sparad:
| Huvudupphovsman: | |
|---|---|
| Materialtyp: | Bok |
| Språk: | Undetermined |
| Publicerad: |
New Jersey
Wiley
2014
|
| Ämnen: | |
| Taggar: |
Lägg till en tagg
Inga taggar, Lägg till första taggen!
|
| Thư viện lưu trữ: | Trung tâm Học liệu Trường Đại học Cần Thơ |
|---|
| LEADER | 00937nam a2200229Ia 4500 | ||
|---|---|---|---|
| 001 | CTU_217463 | ||
| 008 | 210402s9999 xx 000 0 und d | ||
| 020 | |c 45 | ||
| 082 | |a 332.024 | ||
| 082 | |b L419 | ||
| 100 | |a Lawrence, David L | ||
| 245 | 4 | |a The efficient practice : | |
| 245 | 0 | |b Transform and optimize your financial advisory practice for greater profits | |
| 245 | 0 | |c David L. Lawrence | |
| 260 | |a New Jersey | ||
| 260 | |b Wiley | ||
| 260 | |c 2014 | ||
| 520 | |a This book presents the Profit-Driven Architecture, a visual way of viewing the operational structure of a financial practice. | ||
| 650 | |a Financial planners,Management,Communication in management,Nhà hoạch định tài chính,Quản lý,Truyền thông trong quản lý | ||
| 650 | |x Technological innovations,Đổi mới công nghệ | ||
| 904 | |i Hiền, Nhi, Tuyến | ||
| 980 | |a Trung tâm Học liệu Trường Đại học Cần Thơ | ||